00417nam a22001337a 4500020001500000082001400015100001800029245007200047260004700119300002400166500002000190650005200210700002100262 a8121925711 a621.3 THE aTheraja, B.L. aObjective electrical, electronics and telecommunication engineering aNew Delhi, IndiabS. Chand & Co. Ltdc1982 axvi, 484 p.bill. ; aIncludes index. a1. Telecommunication 2. Electrical engineering aPandey, Er. V.K.